000 00346nam a22001217a 4500
008 160427b xxu||||| |||| 00| 0 eng d
020 _a9780323046046
020 _a0323046045
041 _aeng
080 _a618.2
245 _aMosbys textbook for long term care nursing assistants;
_cRelda T.Kelly; Helen Chigaros; Diann Muzyka;
942 _2udc
_cBK
999 _c1627
_d1627